Práce s informacemi se mění a staré systémy pro správu dokumentů občas nestačí. Co s tím?
Digitalizácia firiem, rušenie fyzických pobočiek a ich presun do digitálneho prostredia. Správa dokumentov prostredníctvom cloudovej stratégie, kontajnerizácie a LowCode. Rýchlosť zavedenia a škálovateľnosť, automatizácia pomocou umelej inteligencie, zdielanie obsahu so zákazníkom a bezpečnosť. Syst...
Guardado en:
| Autor principal: | |
|---|---|
| Formato: | Capítulo de libro |
| Lenguaje: | checo |
| Materias: | |
| Etiquetas: |
Sin Etiquetas, Sea el primero en etiquetar este registro!
|
MARC
| LEADER | 00000naa a2200000 4500 | ||
|---|---|---|---|
| 001 | 0273915 | ||
| 005 | 20210524144721.0 | ||
| 041 | 0 | |a cze | |
| 044 | |a CZ | ||
| 245 | 1 | 0 | |a Práce s informacemi se mění a staré systémy pro správu dokumentů občas nestačí. Co s tím? |c David Tomaier |
| 520 | |a Digitalizácia firiem, rušenie fyzických pobočiek a ich presun do digitálneho prostredia. Správa dokumentov prostredníctvom cloudovej stratégie, kontajnerizácie a LowCode. Rýchlosť zavedenia a škálovateľnosť, automatizácia pomocou umelej inteligencie, zdielanie obsahu so zákazníkom a bezpečnosť. Systém Trask pre správu obsahu svojich klientov. | ||
| 610 | 2 | 0 | |a technológie nové |
| 610 | 2 | 0 | |a informácie |
| 610 | 2 | 0 | |a dáta |
| 610 | 2 | 0 | |a digitalizácia |
| 610 | 2 | 0 | |a inteligencia umelá |
| 610 | 2 | 0 | |a firmy |
| 100 | 1 | |a Tomaier, David | |